000 00422nam a2200181Ia 4500
001 23804
005 20260414151002.0
008 260414t1970||||xx |||||||||||||| ||spa||
041 _aESP
082 _a709.85
_bG72
100 _aGonzález Salazar, Manuel
_eAUT
245 0 _aEl Perú y el arte
_b
260 _c1970
300 _a191 páginas :
_ccm.
650 _aABD
654 _aCAU
942 _cLIB
_dJUS
_fJUS
_2ddc
_n
999 _c23804
_d23804